Statistics for World Capital Names That Contain City/Port/Town/Village

Click here to take the quiz!

General Stats

  • This quiz has been taken 45 times
    (13 since last reset)
  • The average score is 12 of 21

Answer Stats

CapitalCountry% Correct
Cape TownSouth Africa
91%
Mexico CityMexico
91%
Panama CityPanama
91%
Guatemala CityGuatemala
82%
Kuwait CityKuwait
73%
Port-of-SpainTrinidad and Tobago
73%
GeorgetownGuyana
64%
Port-au-PrinceHaiti
64%
Vatican CityVatican City
64%
KingstonJamaica
55%
KingstownSaint Vincent and the Grenadines
55%
Port LouisMauritius
55%
Port MoresbyPapua New Guinea
55%
Porto-NovoBenin
55%
BrazzavilleRepublic of the Congo
45%
FreetownSierra Leone
45%
LibrevilleGabon
45%
Andorra la VellaAndorra
27%
Port VilaVanuatu
27%
BridgetownBarbados
18%
Bandar Seri BegawanBrunei
0%

Score Distribution

Percentile by Number Answered

Percent of People with Each Score

Your Score History

You have not taken this quiz since the last reset